000 00402nam a2200145Ia 4500
008 231217s9999 xx 000 0 und d
041 _aEnglish
082 _a001.6424OFF COU `R'
100 _aCourter, Gini. Marquis, Annette.
245 0 _aMastering Microsoft office 2000 professional edition
260 _c1999
_bNew Delhi : BPB,
300 _axxxiv+1163
650 _aOffice 2000
942 _cAA
999 _c166841
_d166841